<?xml version="1.0" encoding="UTF-8"?><?xml-stylesheet type="text/xsl" href="static/style.xsl"?><OAI-PMH xmlns="http://www.openarchives.org/OAI/2.0/" xmlns:xsi="http://www.w3.org/2001/XMLSchema-instance" xsi:schemaLocation="http://www.openarchives.org/OAI/2.0/ http://www.openarchives.org/OAI/2.0/OAI-PMH.xsd"><responseDate>2026-04-17T06:48:30Z</responseDate><request verb="GetRecord" identifier="oai:www.recercat.cat:10256/12934" metadataPrefix="marc">https://recercat.cat/oai/request</request><GetRecord><record><header><identifier>oai:recercat.cat:10256/12934</identifier><datestamp>2024-05-22T11:10:18Z</datestamp><setSpec>com_2072_452966</setSpec><setSpec>com_2072_2054</setSpec><setSpec>col_2072_452968</setSpec></header><metadata><record xmlns="http://www.loc.gov/MARC21/slim" xmlns:dcterms="http://purl.org/dc/terms/" xmlns:xsi="http://www.w3.org/2001/XMLSchema-instance" xmlns:doc="http://www.lyncode.com/xoai" xsi:schemaLocation="http://www.loc.gov/MARC21/slim http://www.loc.gov/standards/marcxml/schema/MARC21slim.xsd">
   <leader>00925njm 22002777a 4500</leader>
   <datafield ind2=" " ind1=" " tag="042">
      <subfield code="a">dc</subfield>
   </datafield>
   <datafield ind2=" " ind1=" " tag="720">
      <subfield code="a">Teixidor Camps, Mariona</subfield>
      <subfield code="e">author</subfield>
   </datafield>
   <datafield ind2=" " ind1=" " tag="260">
      <subfield code="c">2016-01</subfield>
   </datafield>
   <datafield ind2=" " ind1=" " tag="520">
      <subfield code="a">Background: Long QT syndrome (LQTS) is an arrhythmogenic disease characterized by the&#xd;
presence of a prolonged QT interval on the ECG. LQTS is associated with sudden cardiac&#xd;
death in the young. LQTS is genetic; therefore other family members could be carriers of&#xd;
the same pathogenic genetic variants and be at risk of sudden death. Early identification of&#xd;
these individuals is essential to adopt protective therapies and prevent sudden death.&#xd;
LQTS is also one of the most important causes of sudden infant death syndrome (SIDS),&#xd;
death of a child in the first year of life, with a normal autopsy. Thus, in order to prevent&#xd;
SIDS, in recent years there has been an important impulse by the scientific community&#xd;
towards the implantation of a program of screening of newborns with an ECG, for the&#xd;
detection of this ECG abnormality. However, not all agree, and there is important&#xd;
controversy as to the clinical value, and cost-effectiveness of this approach. In order to&#xd;
shed some light into this subject we propose a broad analysis of this subject by performing&#xd;
an electrocardiographic screening of the newborn to identify abnormal prolongation of the&#xd;
QT interval. Aims: In healthy term neonates in Sant Joan de Déu hospital we propose to&#xd;
collect a 5 year prospective cohort in order to analyze the prevalence of prolongation of&#xd;
the QT interval on the ECG, the percentage of long QT which normalizes during the first&#xd;
year of life, and a potential genetic basis in patients who maintain a QTc>460 at the&#xd;
twelfth month of life. Methods: We will perform four ECG, at 48 hours, first, sixth and&#xd;
twelfth month to an estimated 4.500 participants. The QTc will be measured by three&#xd;
different investigators. Genetic analyses will be performed with the use of Next&#xd;
Generation Sequencing technology. Outcomes: The results of this work will enable to&#xd;
assess the value of neonatal ECG screening in the detection of prolonged QT interval, the&#xd;
variability of the electrocardiographic parameter during the first months of development,&#xd;
and the prevalence of the genetic disease in the patient population. Finally, this work will&#xd;
set the basis towards defining whether there are benefits of implementing mandatory&#xd;
electrocardiographic screening in the newborn</subfield>
   </datafield>
   <datafield ind1="8" ind2=" " tag="024">
      <subfield code="a">http://hdl.handle.net/10256/12934</subfield>
   </datafield>
   <datafield tag="653" ind2=" " ind1=" ">
      <subfield code="a">Síndrome de QT llarg</subfield>
   </datafield>
   <datafield tag="653" ind2=" " ind1=" ">
      <subfield code="a">Long QT syndrome</subfield>
   </datafield>
   <datafield tag="653" ind2=" " ind1=" ">
      <subfield code="a">Síndrome de la mort sobtada de l'infant</subfield>
   </datafield>
   <datafield tag="653" ind2=" " ind1=" ">
      <subfield code="a">Sudden infant death syndrome</subfield>
   </datafield>
   <datafield tag="653" ind2=" " ind1=" ">
      <subfield code="a">Genètica</subfield>
   </datafield>
   <datafield tag="653" ind2=" " ind1=" ">
      <subfield code="a">Genetics</subfield>
   </datafield>
   <datafield tag="653" ind2=" " ind1=" ">
      <subfield code="a">Infants nadons -- Malalties</subfield>
   </datafield>
   <datafield tag="653" ind2=" " ind1=" ">
      <subfield code="a">Infants (Newborn) -- Diseases</subfield>
   </datafield>
   <datafield tag="653" ind2=" " ind1=" ">
      <subfield code="a">Arítmia</subfield>
   </datafield>
   <datafield tag="653" ind2=" " ind1=" ">
      <subfield code="a">Arrhythmia</subfield>
   </datafield>
   <datafield ind2="0" ind1="0" tag="245">
      <subfield code="a">Prevalence of QTc alterations in neonates: age and genetic determinants: end of term project</subfield>
   </datafield>
</record></metadata></record></GetRecord></OAI-PMH>